00628nam a2200181 a 450000100100000000500170001000800410002704000250006808200170009310000430011024500700015326000340022330000210025749000540027865000200033270000400035283000540039200003408020260312134859.0100312s19uu dr r 000 0 spa d aDO-SdBNPbspacBNPHU a177bH831mor1 aHostos, Eugenio María de,d1839-190310aMoral social :bapreciación de Hostos /cpor R. Blanco-Fombona. aMadrid :bAmérica,c[196?]. a259 p. ;c23 cm.1 aBiblioteca de ciencias políticas y socialesv15 0aÉtica social 1 aBlanco-Fombona, Rufino,d1874-1944. 0aBiblioteca de ciencias políticas y socialesn15